| 000 | 01072 a2200193 4500 | ||
|---|---|---|---|
| 003 | Nust | ||
| 005 | 20221118183451.0 | ||
| 040 | _cNust | ||
| 082 | _a621.381,COB | ||
| 100 |
_aCoblenz Abraham _9103111 |
||
| 245 |
_aTransistors: theory and applications / _cAbraham Coblenz & Harry L. Owens |
||
| 250 | _a1st ed | ||
| 260 |
_aMcGraw-Hill _bNew York _c1955 |
||
| 300 |
_a313 p _billus _c24 cm |
||
| 505 | _aA short history of transistors (Page-1), Holes and The Transistors (Page-9), A glimpse of Quantum mechanics (Page-22), The Electron (Page-34) Nature of Semiconductors (Page-45), Point Contact Transistors (Page-58), Junction Transistors (Page-73), Electronics of transistors (Page-90), Small Signals Parameters (Page-109), Grounded emitter and Grounded collector (Page-127), Theory of transistors switching Circuits (Page-146), Cascading of transistors (Page-165), Manufacturing Processes (Page-202), Silicon (Page-238), Special Topics (Page-249). | ||
| 600 |
_aCoblenz Abraham _9103111 |
||
| 650 |
_aTransistors: theory and applications _9103112 |
||
| 942 |
_2ddc _cBK |
||
| 999 |
_c181234 _d181234 |
||